Monumentos latino-bizantinos de Córdoba / (Record no. 151455)

MARC details
000 -LEADER
campo de control de longitud fija 00892nam a2200217 i 4500
001 - NÚMERO DE CONTROL
campo de control 151455
003 - IDENTIFICADOR DE NÚMERO DE CONTROL
campo de control ES-MaACL
005 - FECHA Y HORA DE LA ÚLTIMA TRANSACCIÓN
campo de control 20250715031646.0
008 - DATOS DE LONGITUD FIJA--INFORMACIÓN GENERAL
campo de control de longitud fija 931025s1879 sp f |||| | spa d
100 1# - ENTRADA PRINCIPAL--NOMBRE DE PERSONA
Nombre de persona Amador de los Ríos, José,
Fechas asociadas al nombre 1818-1878
9 (RLIN) 21088
245 10 - MENCIÓN DEL TÍTULO
Título Monumentos latino-bizantinos de Córdoba /
Mención de responsabilidad, etc. por José Amador de los Rios y Rodrigo Amador de los Rios y Villalta.
260 ## - PUBLICACIÓN, DISTRIBUCIÓN, ETC.
Lugar de publicación, distribución, etc. Madrid :
Nombre del editor, distribuidor, etc. [s.n.],
Fecha de publicación, distribución, etc. 1879 (
Fabricante Imp. de Fortanet y Calcografía Nacional)
300 ## - DESCRIPCIÓN FÍSICA
Extensión 75 p., [7] h. de grab. :
Otras características físicas grab. ;
Dimensiones 31 cm.
490 1# - MENCIÓN DE SERIE
Mención de serie Monumentos Arquitectónicos de España
650 #4 - PUNTO DE ACCESO ADICIONAL DE MATERIA--TÉRMINO DE MATERIA
Término de materia o nombre geográfico como elemento de entrada Arquitectura visigoda-
Subdivisión geográfica Córdoba.
9 (RLIN) 150878
700 11 - ENTRADA AGREGADA--NOMBRE PERSONAL
Nombre de persona Amador de los Ríos y Fernández de Villalta, Rodrigo.
9 (RLIN) 149674
830 00 - PUNTO DE ACCESO ADICIONAL DE SERIE-TÍTULO UNIFORME
Título uniforme Monumentos arquitectónicos de España
9 (RLIN) 187641
852 ## - LOCALIZACIÓN
Ubicación ES-MaACL
Número de control de estantería B-6981(1)
Nota libre -- Enc. tela
Holdings
Estatus retirado Estado de pérdida Estado de daño No para préstamo Colección Biblioteca de origen Biblioteca actual Ubicación en estantería Fecha de adquisición Fuente de adquisición Total de préstamos Signatura topográfica completa Código de barras Visto por última vez Precio de reemplazo Tipo de ítem Koha
        Libros del s. XIX Biblioteca del Ateneo de Madrid Biblioteca del Ateneo de Madrid Sala Pardo Bazán 17/01/2008     B-6981(1) 1158026 23/02/2023 23/02/2023 Libro impreso antiguo